000 00517nam a2200181Ia 4500
999 _c14081
_d14081
003 OSt
005 20201016131602.0
008 190216s9999||||xx |||||||||||||| ||und||
020 _a8123711239
040 _coclc
082 _a551.51840954
_bDAS/M
100 _aDas, P K
_95815
245 4 _aThe Monsoons /
_cP K Das
260 _bNational Book Trust India ,
_c1988.
_aNew Delhi:
300 _a252p
650 _aEnglish-Essays
942 _cBK
_2ddc
_h551.51840954
_iDAS/M
_k551.51840954
_mDAS/M